zpět

Detail výsledku týmu

Přátelé / Ostrava, Ostrava

Datum a čas kvízu

20.5 Celkem bodů Celkový počet nahraných bodů na tomto kvízu bez doplňovacích otázek.
5. Pořadí na kvízu Konečné umístění týmu na tomto kvízu.

Zaznamenané odpovědi

# Otázka Odpověď Body Výsledky
1. Ředitel gymnázia Zdeněk Bergma... 0
2. Po kterém ruském umělci je poj... 0
3. Americký herec David Schwimmer... 1
4. Hospodářská komora volila v rá... 0
5. Pokud správně napíšete jméno v... 0.5
6. V různých seriálech se objevil... 1
7. Napište jména herců, kteří ztv... 0.5
8. Walter White a Jesse Pinkman.... 1
9. Excentrický sedmdesátiletý věd... 1
10. A nakonec dvojice z českých ve... 1